Game of Thrones: Tyrion's "I Demand A Trial By Combat" Monologue - Statistics

General Stats
  • This quiz has been taken 3,626 times
  • The average score is 75 of 96
Answer Stats
Answer % Correct
I
100%
I
100%
I
100%
I
100%
I
100%
I
100%
I
100%
I
100%
I
100%
I
100%
I
100%
I
100%
I
100%
I
100%
a
98%
a
98%
by
93%
combat.
93%
trial
93%
demand
92%
no
90%
you
90%
you.
90%
you
90%
kill
89%
the
89%
the
89%
the
89%
not
88%
not
88%
not
88%
wish
87%
wish
87%
wish
87%
did
86%
did
86%
am.
85%
had.
85%
had
85%
that
85%
do
84%
Joffrey
84%
Joffrey's
84%
but
83%
it.
83%
it.
83%
was
78%
for
77%
for
77%
my
77%
my
77%
my
77%
will
77%
will
77%
of
76%
think
76%
monster
75%
to
75%
all
74%
me
74%
poison
74%
life
71%
life
71%
so
71%
die
70%
give
70%
give
70%
your
70%
watch
68%
enough
67%
would
67%
more
66%
than
66%
murder
65%
gods
64%
whole
64%
and
63%
bastard
63%
let
63%
thousand
63%
whores.
63%
decide
62%
gave
62%
lying
62%
Watching
62%
fate.
60%
know
60%
gladly
59%
here,
59%
justice
59%
get
53%
pack
53%
relief
53%
swallow
53%
vicious
53%
I'll
47%
No matching quizzes found
Score Distribution
Percent of People with Each Score
Percentile by Number Answered
Your Score History
You have not taken this quiz